Le structuralisme
Αποθηκεύτηκε σε:
| Κύριος συγγραφέας: | |
|---|---|
| Μορφή: | Βιβλίο |
| Γλώσσα: | French |
| Δημοσίευση: |
Paris :
PUF,
1996.
|
| Έκδοση: | 11me ed. |
| Σειρά: | Que sais-je?
1311 |
| Θέματα: | |
| Ετικέτες: |
Προσθήκη ετικέτας
Δεν υπάρχουν, Καταχωρήστε ετικέτα πρώτοι!
|
MARC
| LEADER | 00000cam a2200000 i 4500 | ||
|---|---|---|---|
| 001 | 1/81573 | ||
| 008 | 980217s1996 fr | ||| |||| ||fre|| | ||
| 020 | |a 2130445098 | ||
| 035 | |a 1997 |b 3 |c Αγορά/Καλαβάσης |l 10033725 | ||
| 040 | |a GR-MyUa |b gre |e AACR2 | ||
| 041 | 0 | |a fre | |
| 082 | 7 | |a 149.9 |2 (22) | |
| 100 | 1 | |a Piaget, Jean, |d 1896-1980. | |
| 245 | 1 | 3 | |a Le structuralisme / |c Jean Piaget. |
| 250 | |a 11me ed. | ||
| 260 | |a Paris : |b PUF, |c 1996. | ||
| 300 | |a 127 σ. ; |c 18 εκ. | ||
| 490 | 1 | |a (Que sais-je? ; |v 1311) | |
| 650 | 0 | |a Structuralism. | |
| 767 | 0 | 8 | |i Μεταφρασμένο ως: |t Στρουκτουραλισμός / |
| 830 | 0 | |a Que sais-je? |v 1311 | |
| 852 | |a INST |b RHODES |e 19980217 |h 149.9 PIA |p 005400011136 |q 005400011136 |t BK |y 0 | ||
| 901 | |a BIBL-1998-1 | ||